[Event "Vladivostok Russian Cup 2012"]
[Site "Vladivostok RUS"]
[Date "2012.09.24"]
[Round "8.19"]
[White "Sukhareva,E"]
[Black "Chuhachev,V"]
[Result "1-0"]
[WhiteElo "2268"]
[BlackElo "2182"]

1.d4 Nf6 2.c4 e6 3.Nf3 c5 4.d5 exd5 5.cxd5 d6 6.Nc3 g6 7.h3 Bg7 8.e4 O-O
9.Bd3 Na6 10.O-O Nc7 11.Bf4 Rb8 12.a4 a6 13.a5 b5 14.axb6 Rxb6 15.Ra2 Nb5
16.Nxb5 axb5 17.b4 Nd7 18.Qb1 Bc3 19.bxc5 Nxc5 20.Rc1 b4 21.Ra7 Rb7 22.Ra8 Qc7
23.Bf1 Bd7 24.Rxf8+ Kxf8 25.Nd2 Bxd2 26.Bxd2 b3 27.Qb2 Kg8 28.Bh6  1-0

[Event "1st Simon Bolivar Open 2012"]
[Site "San Cristobal VEN"]
[Date "2012.09.26"]
[Round "2.17"]
[White "Cori,J"]
[Black "Vazquez Reyes,R"]
[Result "1-0"]
[WhiteElo "2505"]
[BlackElo "2251"]

1.d4 Nf6 2.c4 c5 3.d5 e6 4.Nc3 exd5 5.cxd5 d6 6.Nf3 g6 7.Bf4 a6 8.a4 Bg7
9.h3 O-O 10.e3 Qe7 11.Bh2 Nbd7 12.Nd2 Rb8 13.Be2 Ne8 14.a5 Nc7 15.Nc4 Ne5
16.Nb6 Nd7 17.Nc4 Ne5 18.Bxe5 Bxe5 19.Na4 Bd7 20.Nab6 Bg7 21.Nxd7 Qxd7 22.O-O Qe7
23.Qd3 Ne8 24.Rab1 Nf6 25.b4 cxb4 26.Rxb4 Nd7 27.Qb1 Nc5 28.Rc1 Rbc8 29.Bf3 Rfd8
30.Nb6 Rb8 31.h4 h5 32.g4 hxg4 33.Rxg4 Qe5 34.Nc4 Qf6 35.Kg2 Nd7 36.Rh1 Rdc8
37.h5 gxh5 38.Rxh5 Nf8 39.Be4 Rxc4 40.Bh7+ Nxh7 41.Qxh7+ Kf8 42.Rxc4 Re8
43.Rf4  1-0

[Event "21st TCh-CRO 1a 2012"]
[Site "Sibenik CRO"]
[Date "2012.09.26"]
[Round "4.23"]
[White "Kozul,Z"]
[Black "Cvitan,O"]
[Result "1/2-1/2"]
[WhiteElo "2616"]
[BlackElo "2527"]

1.d4 Nf6 2.c4 e6 3.Nf3 c5 4.d5 d6 5.Nc3 exd5 6.cxd5 g6 7.Nd2 Bg7 8.e4 O-O
9.Be2 Ne8 10.O-O f5 11.exf5 Bxf5 12.Nde4 Na6 13.Bg5 Nf6 14.Ng3 Bd7 15.Qd2 Qb6
16.h3 Rae8 17.Rae1 Nc7 18.Bf3 Nb5 19.Nxb5 Bxb5 20.Rxe8 Rxe8 21.Re1 Bd7 22.b3 Rxe1+
23.Qxe1 Qd8 24.Bg4 Bxg4 25.hxg4 Qe8 26.Qxe8+ Nxe8 27.Ne4 Kf7 28.Bf4 Ke7 29.g5 b6
30.Kf1 Be5 31.Bxe5 dxe5 32.Ke2 Nd6 33.f3  1/2-1/2

[Event "21st TCh-CRO w 2012"]
[Site "Sibenik CRO"]
[Date "2012.09.28"]
[Round "7.13"]
[White "Ivekovic,I"]
[Black "Kukic,L"]
[Result "0-1"]
[WhiteElo "1898"]
[BlackElo "1902"]

1.d4 Nf6 2.Nf3 e6 3.c4 c5 4.d5 exd5 5.cxd5 d6 6.Nc3 g6 7.h3 Bg7 8.e4 O-O
9.Bd3 Re8 10.O-O a6 11.a4 Nbd7 12.Re1 Qc7 13.Bf4 Rb8 14.Nd2 Nh5 15.Bh2 Bh6
16.Nf3 Bg7 17.Nd2 Ne5 18.Nc4 Nxc4 19.Bxc4 Nf6 20.e5 dxe5 21.d6 Qd8 22.Bxe5 Bd7
23.a5 Rc8 24.Qb3 Be6 25.Bxe6 Rxe6 26.Bxf6 Rxf6 27.Ne4 Rxd6 28.Nxd6 Qxd6 29.Qxb7 Rb8
30.Rad1 Bd4 31.Qe4 Rxb2 32.Re2 Rb4 33.Qe8+ Kg7 34.Re7 Qf6 35.Rf1 Rb5 36.Ra7 Bxf2+
37.Rxf2 Rb1+ 38.Kh2 Qxf2 39.Qe5+ Kh6 40.Rxa6 Qg1+ 41.Kg3 Rb3+ 42.Kh4 Qf2+  0-1

[Event "21st TCh-CRO 1b 2012"]
[Site "Sibenik CRO"]
[Date "2012.09.29"]
[Round "7.3"]
[White "Franic,M"]
[Black "Djurovic,G"]
[Result "0-1"]
[WhiteElo "2414"]
[BlackElo "2378"]

1.d4 Nf6 2.c4 e6 3.Nf3 c5 4.d5 d6 5.Nc3 exd5 6.cxd5 g6 7.Bf4 a6 8.e4 b5 9.Qe2 Be7
10.Qc2 O-O 11.Be2 Nh5 12.Bh6 Re8 13.O-O Bg4 14.Rae1 Bxf3 15.Bxf3 Bg5 16.Bxg5 Qxg5
17.Bxh5 Qxh5 18.f4 Nd7 19.e5 dxe5 20.f5 f6 21.Ne4 Kg7 22.Re3 g5 23.Nd6 Re7
24.Qe4 Qh4 25.Qxh4 gxh4 26.Ne4 c4 27.Rh3 Nb6 28.d6 Rd7 29.Rxh4 Rad8 30.Rf3 Nd5
31.Rfh3 Kh8 32.Ra3 Rxd6 33.Nxd6 Rxd6 34.Re4 Nb4 35.Re2 Rd3 36.Kf2 Rxa3 37.bxa3 Nc6
38.Ke3 Nd4 39.Rf2 Kg7 40.g4 h5 41.gxh5 Kh6 42.Ke4 Kxh5 43.Rg2 a5 44.Rg6 c3
45.Kd3 c2 46.Kd2 e4 47.Rg3 Ne2  0-1

[Event "TCh-AUT 2 East 2012-13"]
[Site "Austria AUT"]
[Date "2012.10.07"]
[Round "2.1"]
[White "Loeffler,S"]
[Black "Kummer,Hel"]
[Result "0-1"]
[WhiteElo "2410"]
[BlackElo "2353"]

1.d4 Nf6 2.c4 e6 3.Nf3 c5 4.d5 exd5 5.cxd5 d6 6.Nc3 g6 7.Nd2 Bg7 8.e4 O-O
9.Be2 Na6 10.O-O Nc7 11.Rb1 Re8 12.Qc2 b6 13.b4 cxb4 14.Rxb4 Na6 15.Rc4 Nc5
16.Re1 Bd7 17.a4 Rc8 18.Bb2 a6 19.Qb1 Qe7 20.Ba1 b5 21.axb5 axb5 22.Rb4 Ra8
23.Nxb5 Rxa1 24.Qxa1 Nxd5 25.Qb1 Nxb4 26.Qxb4 Rb8 27.Qa5 Bc6 28.Bf1 f5 29.Nxd6 Qxd6
30.Nc4 Qf8 31.exf5 gxf5 32.Ne5 Bd5 33.Rc1 Bxe5 34.Qxc5 Rd8 35.Qa5 Qd6 36.Rd1 Bxh2+
37.Kh1 Bxg2+ 38.Kxg2 Qxd1 39.Qxf5 Qd4 40.Bc4+ Kh8 41.Kxh2 Qg7 42.Be6 Rf8
43.Qc5 Qf6 44.Kg1 Re8 45.Bg4 Re5 46.Qc3 h5 47.Qc8+ Kg7 48.Bh3 Rg5+ 49.Kf1 Qa1+
50.Ke2 Qe5+ 51.Kf3 Rg6 52.Qd7+ Kh6 53.Qd2+ Kg7 54.Qd7+ Kh8 55.Bf5 Rg7 56.Qd8+ Rg8
57.Qd7 Qg7 58.Qe6 Rf8 59.Ke4 h4 60.f3 Qf6 61.Qxf6+ Rxf6 62.Bg4 Kg7 63.Ke3 Rg6
64.Kf4 Kh6 65.Bd7 Rd6 66.Bf5 Rf6  0-1

[Event "TATA 50th ch-IND National Premier"]
[Site "Kolkata IND"]
[Date "2012.10.07"]
[Round "7.18"]
[White "Ravi,TeS"]
[Black "Gomes,Mary"]
[Result "1/2-1/2"]
[WhiteElo "2288"]
[BlackElo "2381"]

1.d4 Nf6 2.Nf3 c5 3.d5 e6 4.c4 exd5 5.cxd5 d6 6.Nc3 g6 7.g3 Bg7 8.Bg2 O-O
9.O-O Re8 10.Nd2 a6 11.a4 Nbd7 12.h3 Qc7 13.Nc4 Ne5 14.Na3 Nh5 15.f4 Nxg3
16.fxe5 Bxe5 17.Rf3 c4 18.Be3 Bf5 19.Rc1 Rac8 20.Qe1 Qe7 21.Rxg3 Bxg3 22.Qxg3 Qxe3+
23.Qxe3 Rxe3 24.Kf2 Re7 25.Rd1 Rec7 26.Rd4 Rc5 27.Bf1 Bd7 28.Ne4 R5c7 29.Nxd6 Rd8
30.Ndxc4 Bxa4 31.Nb6 Bb5 32.Bg2 Rd6 33.Nac4 Bxc4 34.Rxc4 Rf6+ 35.Bf3 Rxc4
36.Nxc4 Kf8 37.e4 Rf4 38.Nd6 b5 39.Kg3 g5 40.Bg4 b4 41.Nb7 h5 42.Bf5 Rf1
43.d6 Rd1 44.d7 Ke7 45.d8=Q+ Rxd8 46.Nxd8 Kxd8 47.Kf3 a5 48.b3 f6 49.Bg6 Ke7
50.Bxh5 a4 51.bxa4 b3 52.Bg6 f5 53.e5 Ke6 54.Bh7 b2 55.Bg8+ Kxe5 56.Ba2 g4+
57.hxg4 fxg4+  1/2-1/2

[Event "22nd Metropolitan IM"]
[Site "Los Angeles USA"]
[Date "2012.10.10"]
[Round "1"]
[White "Kavutskiy,K"]
[Black "Matikozian,A"]
[Result "0-1"]
[WhiteElo "2287"]
[BlackElo "2411"]

1.d4 Nf6 2.Nf3 c5 3.d5 e6 4.c4 exd5 5.cxd5 d6 6.Nc3 g6 7.Bf4 Bg7 8.Qa4+ Bd7
9.Qb3 Qc7 10.e4 O-O 11.Nd2 Nh5 12.Be3 f5 13.exf5 Bxf5 14.Be2 Nf6 15.Bf4 Ne8
16.Bg3 a6 17.O-O Nd7 18.a4 Ne5 19.Nd1 Rb8 20.Ne3 b5 21.axb5 axb5 22.Nxf5 gxf5
23.Nf3 c4 24.Qc2 Qc5 25.Rfd1 Nc7 26.Qd2 Ng6 27.Qc2 f4 28.Bh4 Nxd5 29.Bg5 Rbe8
30.Bf1 Nb4 31.Qb1 Re6 32.Ra5 Nc6 33.Ra6 Nd4 34.Rxd4 Bxd4 35.Nxd4 Qxd4 36.Bh6 Rfe8
37.Qf5 Re1 38.g3 Qd3 39.Qxd3 cxd3 40.Rxd6 Rb1  0-1

[Event "22nd Metropolitan IM"]
[Site "Los Angeles USA"]
[Date "2012.10.12"]
[Round "4"]
[White "Remlinger,L"]
[Black "Akopian,R"]
[Result "1-0"]
[WhiteElo "2322"]
[BlackElo "2093"]

1.d4 Nf6 2.c4 c5 3.d5 e6 4.Nc3 exd5 5.cxd5 d6 6.Nf3 g6 7.Bf4 a6 8.a4 Bg7
9.h3 O-O 10.e3 Qe7 11.Nd2 Nh5 12.Bh2 Be5 13.Bxe5 Qxe5 14.Nc4 Qe7 15.Be2 Nf6
16.O-O Nbd7 17.a5 Rb8 18.Re1 Ne5 19.Nb6 Ned7 20.Nc4 Ne5 21.Nd2 b5 22.axb6 Rxb6
23.b3 Re8 24.f4 Ned7 25.Bf3 Qf8 26.Nc4 Rb4 27.e4 Nb6 28.Na5 Qh6 29.Qc1 Rd4
30.Ra2 Qh4 31.Rf2 h5 32.Nc6 Rd3 33.e5 Ng4 34.hxg4 hxg4 35.Bxg4 Bxg4 36.exd6 Rxe1+
37.Qxe1 Nd7 38.Qe8+ Kg7 39.Ne5 Nxe5 40.Qxe5+ Qf6 41.Ne4 Qxe5 42.fxe5 Bf5
43.Rxf5 gxf5 44.d7  1-0

[Event "22nd Metropolitan IM"]
[Site "Los Angeles USA"]
[Date "2012.10.13"]
[Round "7"]
[White "Manukian,G"]
[Black "Matikozian,A"]
[Result "1/2-1/2"]
[WhiteElo "2260"]
[BlackElo "2411"]

1.d4 Nf6 2.c4 c5 3.d5 e6 4.Nc3 exd5 5.cxd5 d6 6.Nf3 g6 7.h3 Bg7 8.Bf4 O-O
9.e3 a6 10.a4 Ne8 11.Be2 Nd7 12.Nd2 Ne5 13.Nc4 Nxc4 14.Bxc4 Bd7 15.O-O Rb8
16.a5 Qe7 17.Ra3 Nf6 18.Rb3 Nh5 19.Bh2 Be5 20.Bxe5 Qxe5 21.Rb6 f5 22.Ne2 f4  1/2-1/2

[Event "22nd Metropolitan IM"]
[Site "Los Angeles USA"]
[Date "2012.10.14"]
[Round "8"]
[White "Remlinger,L"]
[Black "Matikozian,A"]
[Result "0-1"]
[WhiteElo "2322"]
[BlackElo "2411"]

1.d4 Nf6 2.c4 c5 3.d5 e6 4.Nc3 exd5 5.cxd5 d6 6.Nf3 g6 7.Bf4 Bg7 8.Qa4+ Bd7
9.Qb3 Qc7 10.h3 O-O 11.e3 Re8 12.Nd2 Na6 13.Be2 Rab8 14.a4 Nb4 15.O-O b6
16.Bh2 a6 17.e4 b5 18.axb5 Bxb5 19.Nxb5 axb5 20.Bd3 Nd7 21.Rfb1 Qb6 22.Bc2 Bd4
23.Bg3 Na6 24.Nf3 Bg7 25.Qe3 Nf6 26.e5 dxe5 27.d6 Nb4 28.Rc1 Nfd5 29.Qd2 Qxd6
30.Be4 Rbd8 31.Rd1 Qe7 32.Qe2 c4 33.Ra5 Qc5 34.Bb1 Nc6 35.Ra1 Nd4 36.Nxd4 exd4
37.Qf3 d3 38.Ra2 Nb4  0-1

[Event "Advokatfirmaet Finn GpA"]
[Site "Harstad NOR"]
[Date "2012.10.19"]
[Round "3"]
[White "Zatonskih,A"]
[Black "Voicu,C"]
[Result "1/2-1/2"]
[WhiteElo "2499"]
[BlackElo "2292"]

1.d4 Nf6 2.c4 c5 3.d5 e6 4.Nc3 exd5 5.cxd5 d6 6.Nf3 g6 7.Bf4 a6 8.a4 Bg7
9.h3 O-O 10.e3 Nh5 11.Bh2 f5 12.Be2 f4 13.e4 Nd7 14.Qc2  1/2-1/2

[Event "NIT Nagpur GM Open 2012"]
[Site "Nagpur IND"]
[Date "2012.10.20"]
[Round "8.10"]
[White "Murali Krishnan,B"]
[Black "Narayanan,Sri"]
[Result "1/2-1/2"]
[WhiteElo "2329"]
[BlackElo "2448"]

1.d4 Nf6 2.c4 e6 3.Nf3 c5 4.d5 exd5 5.cxd5 d6 6.Nc3 g6 7.Bf4 a6 8.a4 Bg7
9.e3 O-O 10.Be2 Qe7 11.O-O Nbd7  1/2-1/2

[Event "TCh-SUI National A 2012"]
[Site "Switzerland SUI"]
[Date "2012.10.20"]
[Round "8.7"]
[White "Toth,Be1"]
[Black "Stoeri,S"]
[Result "1-0"]
[WhiteElo "2353"]
[BlackElo "2160"]

1.d4 Nf6 2.c4 e6 3.Nf3 c5 4.d5 exd5 5.cxd5 d6 6.Nc3 a6 7.a4 g6 8.Nd2 Nbd7
9.e4 Bg7 10.Nc4 Nb6 11.Ne3 O-O 12.Bd3 Qe7 13.O-O Rb8 14.Bd2 Nbd7 15.a5 Ne5
16.Be2 g5 17.Qc2 Nfg4 18.Nf5 Bxf5 19.exf5 Nh6 20.f4 gxf4 21.Bxf4 Rfe8 22.h3 Qh4
23.Kh1 Neg4 24.Ne4 Be5 25.Bg5 Qh5 26.Bxh6 Qxh6 27.Bxg4 Qe3 28.Rae1  1-0

[Event "Danilo Batricevic Mem Balkan GP"]
[Site "Cetinje MNE"]
[Date "2012.10.27"]
[Round "9.6"]
[White "Drenchev,P"]
[Black "Ivanovic,B"]
[Result "1/2-1/2"]
[WhiteElo "2490"]
[BlackElo "2427"]

1.d4 Nf6 2.c4 e6 3.Nf3 c5 4.d5 exd5 5.cxd5 d6 6.Nc3 g6 7.e4 Bg7 8.Be2 O-O
9.O-O Re8 10.Nd2 Na6 11.f3 Nc7 12.a4 b6 13.Nc4 Ba6 14.Kh1 Bxc4 15.Bxc4 a6
16.Qd3 Qd7 17.Bd2 Nh5 18.g4 Nf6 19.Ra3 Qe7 20.Rb3 Nd7 21.Qe2 Be5 22.Nd1 Bd4
23.Re1 Qh4 24.Ne3 Qf6 25.Bc1 Ne5 26.Rf1 Nxc4 27.Nxc4 b5 28.g5 Qd8 29.Na5 Bg7
30.Nc6 Qd7 31.Qg2 b4 32.f4 Ne6 33.dxe6 Qxc6 34.exf7+ Kxf7 35.Re3 Bd4 36.Re2 Kg8
37.f5 Ra7 38.b3 Rf7 39.f6 c4 40.bxc4 Qxc4 41.Bf4 Re6 42.Rc2 Bc3 43.Bd2 h6
44.Bxc3 bxc3 45.Qf3 Qxa4 46.Rxc3 Qxe4 47.Qxe4 Rxe4 48.Rc6 Re6 49.h4 hxg5
50.hxg5 Re5 51.Rc8+ Rf8 52.Rc7 Rxg5 53.Rg7+ Kh8 54.Rd7 a5 55.Rxd6 Kh7 56.Rf3 Ra8
57.Rd7+ Kh6 58.f7 Rf8 59.Ra7 Kg7 60.Kh2 Rh8+ 61.Rh3 Rf8 62.Rf3 Rh8+ 63.Rh3 Rxh3+
64.Kxh3 Rb5 65.Kg4 Rb4+ 66.Kg5 Ra4 67.f8=Q+ Kxf8 68.Kxg6  1/2-1/2

[Event "Hotel Carilo GM"]
[Site "Pinamar ARG"]
[Date "2012.10.29"]
[Round "9.2"]
[White "Quiroga,F"]
[Black "Almeida Quintana,O"]
[Result "0-1"]
[WhiteElo "2328"]
[BlackElo "2520"]

1.d4 Nf6 2.c4 c5 3.d5 e6 4.Nc3 exd5 5.cxd5 d6 6.Nf3 a6 7.a4 g6 8.e4 Bg4 9.Be2 Bg7
10.O-O O-O 11.Re1 Nbd7 12.Bf4 Re8 13.h3 Nxe4 14.hxg4 Bxc3 15.bxc3 Nxc3 16.Qd2 Nxe2+
17.Rxe2 Rxe2 18.Qxe2 Qf6 19.Rb1 Qxf4 20.Rxb7 Nf6 21.g3 Qe4 22.Qxe4 Nxe4 23.Re7 Nf6
24.g5 Nxd5 25.Rd7 Nb6 26.Rxd6 Nxa4 27.Ne5 Nc3 28.Rd7 Rf8 29.f3 a5 30.Ra7 a4
31.Nd7 Rc8 32.Ne5 c4 33.Kf1 Nb5 34.Rxa4 c3 35.Nd3 c2 36.Nc1 Rd8 37.Re4 Nc3
38.Rc4 Rd1+ 39.Kg2 Nd5 40.Rc8+ Kg7 41.Ne2  0-1

[Event "e2e4 Basingstoke Int Open"]
[Site "Basingstoke ENG"]
[Date "2012.10.31"]
[Round "8.6"]
[White "D'Costa,L"]
[Black "Roberson,P"]
[Result "1-0"]
[WhiteElo "2426"]
[BlackElo "2357"]

1.d4 e6 2.c4 Nf6 3.Nf3 c5 4.d5 d6 5.Nc3 exd5 6.cxd5 g6 7.Bf4 a6 8.a4 Bg7
9.h3 O-O 10.e3 Ne8 11.Be2 Nd7 12.O-O Qe7 13.Bh2 Rb8 14.Ra3 f5 15.Rb3 b6 16.Re1 Nef6
17.Nd2 Ne4 18.Nc4 Bxc3 19.bxc3 b5 20.axb5 axb5 21.Na5 Qf6 22.Nc6 Rb6 23.Qc2 c4
24.Ra3 Bb7 25.Rb1 Ra8 26.Rxa8+ Bxa8 27.Nd4 Bxd5 28.f3 Nec5 29.Rxb5 Rxb5 30.Nxb5 Ne5
31.Qd2 Ncd3 32.Bxe5 dxe5 33.Bxd3 cxd3 34.Qxd3 Qc6 35.Nd6 Be6 36.c4 Qc5 37.Kh2 h5
38.Nb7 Qxc4 39.Qd8+ Kg7 40.Qe7+ Bf7 41.Qxe5+ Kh7 42.Nd6 Qe6 43.Qxe6 Bxe6
44.Kg3 g5 45.h4 Kg6 46.Nb5 Bd5 47.Nd4 Bb7 48.Ne6 f4+ 49.exf4 gxh4+ 50.Kxh4 Kf5
51.Ng7+ Kxf4 52.Nxh5+ Kf5 53.g4+ Kg6 54.f4 Bc8 55.Ng3 Kf6 56.g5+ Kg6 57.f5+ Kg7
58.Nh5+ Kh7 59.Kg4 Ba6 60.Kf4 Bd3 61.Nf6+ Kg7 62.Ng4 Bb1 63.g6 Bc2 64.Kg5 Bb1
65.f6+ Kh8 66.Ne5  1-0

[Event "39th ch-IND Premier w 2012"]
[Site "Jalgaon IND"]
[Date "2012.10.31"]
[Round "8.4"]
[White "Karavade,E"]
[Black "Gomes,Mary"]
[Result "1/2-1/2"]
[WhiteElo "2393"]
[BlackElo "2381"]

1.d4 Nf6 2.c4 c5 3.d5 e6 4.Nc3 exd5 5.cxd5 d6 6.Nf3 g6 7.Bf4 Bg7 8.Qa4+ Bd7
9.Qb3 Qc7 10.h3 O-O 11.e3 Na6 12.Be2 b5 13.Bxb5 Bxb5 14.Qxb5 Nb4 15.Rd1 Rfb8
16.Qa4 Rb6 17.a3 Ra6 18.Qb5 Nc2+ 19.Kf1 Qb6 20.Qe2 Qxb2 21.Qxa6 Qxc3 22.Qb7 Rf8
23.Bxd6 Ne4 24.Bxf8 Nxe3+ 25.Kg1 Qc2 26.fxe3 Qf2+ 27.Kh2 Qg3+ 28.Kg1 Qf2+
29.Kh2  1/2-1/2

[Event "12th Sautron Open"]
[Site "Sautron FRA"]
[Date "2012.11.01"]
[Round "7.1"]
[White "Le Roux,JP"]
[Black "Oleksienko,M"]
[Result "0-1"]
[WhiteElo "2563"]
[BlackElo "2539"]

1.d4 Nf6 2.c4 c5 3.d5 e6 4.Nf3 d6 5.Nc3 exd5 6.cxd5 g6 7.h3 Bg7 8.Bf4 O-O
9.e3 a6 10.a4 Qe7 11.Be2 Nbd7 12.O-O Rb8 13.a5 Ne8 14.Nd2 Nc7 15.Nc4 Ne5
16.Nb6 Na8 17.Nxa8 Rxa8 18.Bg3 Rb8 19.f4 Nd7 20.e4 b5 21.Bf3 c4 22.Bf2 g5
23.e5 gxf4 24.exd6 Qxd6 25.Ne4 Qg6 26.Re1 Ne5 27.Bh5 Qh6 28.Bc5 Nd3 29.Be7 Bf5
30.Nd6 Bg6 31.Bf3 Rfd8 32.h4 Rxd6  0-1

[Event "16th OIBM 2012"]
[Site "Bad Wiessee GER"]
[Date "2012.11.03"]
[Round "8.22"]
[White "Hammes,M"]
[Black "Schulz,M1"]
[Result "1/2-1/2"]
[WhiteElo "2368"]
[BlackElo "2242"]

1.d4 Nf6 2.c4 c5 3.d5 e6 4.Nc3 exd5 5.cxd5 d6 6.Nf3 g6 7.h3 Bg7 8.e4 a6 9.a4 Nbd7
10.Bd3 Nh5 11.Bg5 Bf6 12.Be3 Ne5 13.Be2 Nxf3+ 14.Bxf3 Ng7 15.O-O O-O 16.Qd2 Be5
17.Bf4 Qe7 18.Rfe1 b6 19.Rab1 Re8 20.Bxe5 Qxe5 21.Be2 Nh5 22.Bxh5 Qxh5 23.f4 Qh4
24.e5 Bf5 25.Rbd1 h5 26.Qf2 Qxf2+ 27.Kxf2 h4 28.Ne4 Bxe4 29.Rxe4 b5 30.a5 Rad8
31.Kf3 Re7 32.Re2 f5 33.exf6  1/2-1/2

[Event "22nd Caen Alekhine Open A"]
[Site "Caen FRA"]
[Date "2012.11.03"]
[Round "4.3"]
[White "Battaglini,G"]
[Black "Coursaget,N"]
[Result "1-0"]
[WhiteElo "2434"]
[BlackElo "2289"]

1.d4 Nf6 2.c4 e6 3.Nc3 c5 4.d5 exd5 5.cxd5 d6 6.Nf3 g6 7.Bf4 Nh5 8.Qa4+ Qd7
9.Qe4+ Be7 10.Bg5 f6 11.Bh6 b5 12.e3 a6 13.Be2 Kf7 14.g4 Ng7 15.Qf4 Kg8 16.Ne4 Ne8
17.g5 f5 18.Ng3 Nc7 19.O-O-O Bb7 20.e4 fxe4 21.Nxe4 Nxd5 22.Rxd5 Bxd5 23.Rd1 Qf5
24.Qxf5 gxf5 25.Nf6+ Bxf6 26.gxf6 Kf7 27.Rxd5 Ke6 28.Rd1 Rd8 29.Bg7 Nc6 30.Ng5+ Kd7
31.Bf3 Rac8 32.Bxc6+ Kxc6 33.f7  1-0

[Event "TCh-CZE Extraliga 2012-13"]
[Site "Czech Republic CZE"]
[Date "2012.11.03"]
[Round "1.5"]
[White "Caletka,R"]
[Black "Kanovsky,D"]
[Result "1-0"]
[WhiteElo "2324"]
[BlackElo "2415"]

1.d4 Nf6 2.c4 c5 3.d5 e6 4.Nc3 exd5 5.cxd5 d6 6.Nf3 g6 7.Bf4 a6 8.a4 Bg7
9.h3 O-O 10.e3 Re8 11.Bd3 Nbd7 12.O-O Qe7 13.Re1 Nh5 14.Bh2 f5 15.Qd2 Ne5
16.Be2 Nf7 17.Bd3 Bd7 18.a5 Rf8 19.Ra3 Rae8 20.Rb1 g5 21.Qd1 g4 22.Nd2 g3
23.Kh1 gxh2 24.Qxh5 Ne5 25.Bc2 Rf6 26.Re1 Ng4 27.Qh4 Rg6 28.Qxe7 Nxf2+ 29.Kxh2 Rxe7
30.Nf3 Bh6 31.Nd1 Ne4 32.Nc3 Ng3 33.Rb3 Rgg7 34.Rxb7 Bxe3 35.Bd3 Bf4 36.Rb8+ Kf7
37.Rxe7+ Kxe7 38.Bxa6 Nf1+ 39.Kg1 Nd2 40.Nxd2 Bxd2 41.Kf2 f4 42.Be2 Be3+
43.Kf1 Kf6 44.Rb7 h6 45.a6 f3 46.Bxf3 Bc8 47.Ne4+  1-0

[Event "3rd Mendeleev GM"]
[Site "Tyumen RUS"]
[Date "2012.11.07"]
[Round "3"]
[White "Brodsky,M"]
[Black "Kopylov,Al2"]
[Result "1/2-1/2"]
[WhiteElo "2563"]
[BlackElo "2425"]

1.d4 Nf6 2.c4 c5 3.d5 e6 4.Nc3 exd5 5.cxd5 d6 6.Nf3 g6 7.Bf4 a6 8.Nd2 Be7
9.a4 O-O 10.e4 Nh5 11.Bh6 Re8 12.Be2 Ng7 13.O-O f5 14.Nc4 Nd7 15.Bd3 Nb6
16.Ne3 fxe4 17.Bxe4 Bf6 18.Qd3 Nd7 19.Ng4 Ne5 20.Nxf6+ Qxf6 21.Qd2 Nf5 22.Bg5 Qg7
23.Rab1 Bd7 24.b4 c4 25.a5 Rac8 26.Rbc1 Nd4 27.Qf4 Nb3 28.Rcd1 Ng4 29.Qg3 h6
30.Bf4 Ne5 31.Bxe5 Rxe5 32.Qxg6 Qxg6 33.Bxg6 b6 34.Rfe1 bxa5 35.bxa5 Kg7
36.Bc2 Rc5 37.f4 Rxe1+ 38.Rxe1 Kf8 39.f5 Nd4 40.Rc1 Rxa5 41.g4 Rxd5 42.Nxd5 Ne2+
43.Kf2 Nxc1 44.Ke3 Nd3 45.Bxd3  1/2-1/2

[Event "WY BU16 2012"]
[Site "Maribor SLO"]
[Date "2012.11.08"]
[Round "1.37"]
[White "Samdanov,S"]
[Black "Kjoita,Torgeir"]
[Result "1-0"]
[WhiteElo "2227"]
[BlackElo "1898"]

1.d4 Nf6 2.c4 c5 3.d5 e6 4.Nc3 exd5 5.cxd5 d6 6.Nf3 g6 7.Bf4 a6 8.a4 Bg7
9.h3 O-O 10.e3 Bf5 11.Nd2 Qe7 12.Nc4 Rd8 13.g4 Ne4 14.gxf5 Nxc3 15.bxc3 Bxc3+
16.Nd2 Bxa1 17.Qxa1 Nd7 18.Nc4 Qe4 19.Rg1 Ne5 20.Bxe5 dxe5 21.Qxe5 Qb1+ 22.Ke2 Qc2+
23.Kf3 Qd1+ 24.Kg2 Rxd5 25.Qe7 Rxf5 26.f4 Rd8 27.Qxb7 Qc2+ 28.Kh1 Rd1 29.Nd6 Kg7
30.Nxf5+ Qxf5 31.Bg2 Rd2 32.Qxa6 Qh5 33.Qc4 Re2 34.Qd5 Qh4 35.Qxc5 Qf2 36.Qd5 Rxe3
37.Rf1 Qg3 38.a5 Rd3 39.Qe5+  1-0

[Event "WY BU14 2012"]
[Site "Maribor SLO"]
[Date "2012.11.08"]
[Round "1.5"]
[White "Bellahcene,B"]
[Black "Stefanov,Emil"]
[Result "1-0"]
[WhiteElo "2354"]
[BlackElo "1904"]

1.d4 Nf6 2.c4 c5 3.d5 e6 4.Nc3 exd5 5.cxd5 d6 6.Nf3 g6 7.Bf4 Bg7 8.Qa4+ Bd7
9.Qb3 Qc7 10.h3 O-O 11.e3 a6 12.a4 Bf5 13.Nd2 Nbd7 14.g4 g5 15.Bxg5 Bg6 16.Bf4 Rfe8
17.f3 Ne5 18.Kf2 h5 19.Be2 Nd3+ 20.Bxd3 Bxd3 21.Nc4 Bxc4 22.Qxc4 Qe7 23.Qd3 Nd7
24.Qf5 h4 25.Ne4 Ne5 26.Bg5 Qf8 27.Bxh4 Nd3+ 28.Kg2 Re5 29.Nf6+ Bxf6 30.Qxf6 Rxe3
31.Qg5+ Qg7 32.Qxe3 Qxb2+ 33.Bf2  1-0

[Event "WY BU18 2012"]
[Site "Maribor SLO"]
[Date "2012.11.08"]
[Round "1"]
[White "Jovanovic,Boj2"]
[Black "Grigoryan,K2"]
[Result "0-1"]
[WhiteElo "2201"]
[BlackElo "2508"]

1.d4 Nf6 2.c4 c5 3.d5 e6 4.Nc3 exd5 5.cxd5 d6 6.Nf3 g6 7.Bf4 Bg7 8.e3 O-O
9.h3 a6 10.a4 Qe7 11.Be2 Nbd7 12.O-O Ne8 13.a5 Rb8 14.Nd2 Ne5 15.Qb3 g5 16.Bh2 f5
17.Rfe1 f4 18.exf4 gxf4 19.Nf3 Bd7 20.Nxe5 Bxe5 21.Bf3 Qg7 22.Kh1 Nf6 23.Na4 Rbe8
24.Nb6 Bb5 25.Rad1 h6 26.Nc4 Bxc4 27.Qxc4 Nh7 28.Bg4 Qf6 29.Re2 Ng5 30.Rd3 Qg6
31.Rb3 Re7 32.Qd3 Qf7 33.Bf3 Qg7 34.Rb6 c4 35.Qa3 c3 36.bxc3 Nxf3 37.gxf3 Qg6
38.Qc1 Qd3 39.Qf1 Qxf3+  0-1

[Event "WY BU14 2012"]
[Site "Maribor SLO"]
[Date "2012.11.08"]
[Round "1.63"]
[White "Zeynalli,Miradil"]
[Black "Mamyrbay,Assad"]
[Result "1-0"]
[WhiteElo "2027"]
[BlackElo "1590"]

1.d4 Nf6 2.c4 c5 3.d5 e6 4.Nc3 exd5 5.cxd5 d6 6.Nf3 g6 7.Nd2 a6 8.a4 Nbd7
9.e4 Bg7 10.Nc4 Nb6 11.Ne3 Bd7 12.Be2 O-O 13.O-O Re8 14.Qc2 Qc7 15.Bd2 Rab8
16.f4 Nc8 17.a5 Na7 18.Bf3 Bb5 19.Rfe1 Nd7 20.Nb1 Nf6 21.Bc3 Nd7 22.Nd2 b6
23.axb6 Nxb6 24.Bxg7 Kxg7 25.Qc3+ f6 26.h4 Bd7 27.h5 Nb5 28.h6+ Kf7 29.Qd3 Nd4
30.Rac1 Qa7 31.Nec4 Nxc4 32.Nxc4 Qc7 33.e5 fxe5 34.fxe5 dxe5 35.d6 Qd8 36.Nxe5+ Kg8
37.Rxc5 Nf5 38.Rc7 Be6 39.Nc6 Qh4 40.Re4 Qg5 41.Nxb8 Ng3 42.Qc3 Qxh6 43.Rxe6 Rxe6
44.Rc8+ Kf7 45.Qc7+ Kf6 46.Rf8+ Kg5 47.Qd8+  1-0

[Event "Subzonal 2.3 2012"]
[Site "Pamplona COL"]
[Date "2012.11.08"]
[Round "7.3"]
[White "Zuluaga,C"]
[Black "Barrientos,S"]
[Result "0-1"]
[WhiteElo "2370"]
[BlackElo "2458"]

1.d4 e6 2.c4 c5 3.d5 Nf6 4.Nc3 d6 5.Nf3 exd5 6.cxd5 g6 7.h3 Bg7 8.Bf4 O-O
9.e3 a6 10.a4 Qe7 11.Be2 Nbd7 12.O-O Rb8 13.Qb3 Ne8 14.Rfd1 Nc7 15.Nd2 Ne5
16.Bxe5 Bxe5 17.a5 Bd7 18.Nc4 Bg7 19.Nb6 Be8 20.Rac1 f5 21.Nca4 Bf7 22.Bc4 Rbd8
23.Nc3 Kh8 24.Ne2 g5 25.Re1 Bg6 26.Na4 Ne8 27.Qb6 Nf6 28.Nac3 Rb8 29.Qb3 Nd7
30.Na4 Rfe8 31.Bd3 Qf6 32.Bb1 Qd8 33.Nb6 Nxb6 34.axb6 Qf6 35.Nc3 Re7 36.Qc4 Rbe8
37.Rf1 f4 38.Bxg6 Qxg6 39.exf4 gxf4 40.Rcd1 Rg8 41.Qd3 Qh5 42.Kh1 Bd4 43.Rde1 Rxe1
44.Rxe1 Bxf2 45.Re7 Rg3 46.Qf1 f3 47.Qxf2 Rxg2 48.Re8+ Kg7 49.Re7+ Kg8 50.Re8+ Kf7
51.Re7+ Kxe7 52.Qe1+ Qe5 53.Qh4+ Ke8  0-1

[Event "WY BU14 2012"]
[Site "Maribor SLO"]
[Date "2012.11.09"]
[Round "2.26"]
[White "Loh,Zachary"]
[Black "Sibashvili,G"]
[Result "0-1"]
[WhiteElo "1953"]
[BlackElo "2200"]

1.d4 Nf6 2.c4 c5 3.d5 e6 4.Nc3 exd5 5.cxd5 d6 6.Nf3 g6 7.Bf4 a6 8.e4 Bg4
9.a4 Bg7 10.h3 Bxf3 11.Qxf3 O-O 12.Bd3 Qe7 13.O-O Nfd7 14.Qe2 Ne5 15.Bc2 Nbd7
16.Bh2 g5 17.Nd1 Ng6 18.Ne3 Be5 19.g3 Kh8 20.Rab1 Rae8 21.Nf5 Qf6 22.b3 Nh4
23.f4 Nxf5 24.fxe5 Nd4 25.Qg2 Qxe5 26.g4 Qe7 27.b4 c4 28.Rbd1 Nxc2 29.Qxc2 b5
30.axb5 axb5 31.Qc3+ f6 32.Rde1 Ne5 33.Rf5 Kg7 34.Ref1 h6 35.Qe3 Nd3 36.Qb6 Qxe4
37.Bxd6 Rf7 38.Bc5 Nf4 39.R5xf4 gxf4 40.d6 Qd3 41.Bf2 Qxh3 42.d7 f3 43.dxe8=N+ Kh8  0-1

[Event "WY BU14 2012"]
[Site "Maribor SLO"]
[Date "2012.11.09"]
[Round "2.14"]
[White "Petrosyan,M"]
[Black "Zeynalli,Miradil"]
[Result "1/2-1/2"]
[WhiteElo "2281"]
[BlackElo "2027"]

1.d4 Nf6 2.c4 c5 3.d5 e6 4.Nc3 exd5 5.cxd5 d6 6.Nf3 g6 7.e4 Bg7 8.Bb5+ Bd7
9.Bxd7+ Nbxd7 10.O-O a6 11.a4 O-O 12.Bf4 Qe7 13.Re1 Ng4 14.Bg3 c4 15.e5 Ngxe5
16.Nxe5 dxe5 17.d6 Qe6 18.Nd5 Qxd6 19.Bh4 f6 20.Nxf6+ Rxf6 21.Bxf6 Qxd1 22.Raxd1 Nxf6
23.Rxe5 Ng4 24.Re4 Ne5 25.Rd5 b5 26.axb5 axb5 27.h3 Nd3 28.Rxb5 Nxb2 29.Rxb2 Bxb2
30.Rxc4 Kg7 31.g3 Be5 32.Rc2 g5 33.Kg2 h5 34.Rc5 Kf6 35.f4 gxf4 36.gxf4 Bxf4
37.Rxh5 Ra3 38.Rc5 Rg3+ 39.Kf2 Rxh3 40.Ke2 Be5 41.Rd5 Kf5 42.Rd3 Rh2+ 43.Kf3 Rb2
44.Ke3 Ra2 45.Kf3 Ra4 46.Ke2 Kg4 47.Rd2 Bf4 48.Rc2 Ra3 49.Kf2 Rh3 50.Ke2 Kf5
51.Rc5+ Be5 52.Rc4 Ke6 53.Re4 Rh2+ 54.Kd3 Kd5 55.Rd4+ Kc5 56.Rc4+ Kd6 57.Re4 Ra2
58.Rc4 Ra3+ 59.Ke4 Rh3 60.Rc2  1/2-1/2

[Event "WY BU14 2012"]
[Site "Maribor SLO"]
[Date "2012.11.09"]
[Round "2.22"]
[White "Tutisani,Noe"]
[Black "Vorontsov,P"]
[Result "1-0"]
[WhiteElo "1978"]
[BlackElo "2220"]

1.d4 Nf6 2.c4 c5 3.d5 e6 4.Nc3 exd5 5.cxd5 d6 6.Nf3 g6 7.Bf4 Bg7 8.Qa4+ Bd7
9.Qb3 b5 10.Bxd6 c4 11.Qa3 a5 12.Qc5 Na6 13.Qd4 Bf5 14.Nxb5 Qd7 15.a4 Nb4
16.Nc7+ Kd8 17.Qb6 Kc8 18.Nxa8 Nc2+ 19.Kd1 Qb7 20.Rc1 Nxd5 21.Qc5+ Kd7 22.Ne5+ Bxe5
23.Bxe5 Rd8 24.Rxc2 Bxc2+ 25.Kxc2 Ke6 26.e4 Nb4+ 27.Kc3 Na2+ 28.Kxc4 Qxe4+
29.Kb5 Qb7+ 30.Nb6  1-0